000 00670cam a2200241 4500
008 000000n2000 000 0 eng u
020 _a0419246800
035 _a(Sirsi) u108704
050 _a725.4
100 _aStratton, Michael
245 _aTwentieth century industrial archaeology
260 _aLondon
_bE & F N Spon
_c2000
300 _axi, 236p. ; 28cm.
650 _aARCHITECTURE
650 _aDESIGN
650 _aINDUSTRIAL BUILDINGS
650 _aFACTORIES
650 _aPLANNING
650 _aLANDSCAPE
690 _aBUILT ENVIRONMENT-BUILDING MAINTENANCE AND REFURBISHMENT-BUILDING CONSERVATION
700 _aTrinder
_bBarrie
942 _n0
999 _c100845
_d100845